| 000 | 01004cam a2200253 i 4500 | ||
|---|---|---|---|
| 003 | SA-RiAUC | ||
| 005 | 20250417060210.0 | ||
| 008 | 250416s1966 jo g b 000 0 ara c | ||
| 040 |
_aSA-RiAUC _bara _cSA-RiAUC _erda |
||
| 082 | 0 | 4 | _a257.5 |
| 090 |
_a257.5 _b م ش ر |
||
| 100 | 1 |
_aمشرفة، عطية مصطفى _eمؤلف. |
|
| 245 | 1 | 2 |
_aالقضاء في الإسلام / _cتأليف عطية مصطفى مشرفة. |
| 250 | _aالطبعة الثانية. | ||
| 264 | 1 |
_aعمان، الأردن ؛ _aبيروت ؛ _aالقاهرة : _aالمنامة : _bشركة الشرق الأوسط للطباعة ؛ _bدار الغد، _c1966 |
|
| 300 |
_a224 صفحة ؛ _c24 سم |
||
| 336 |
_aنص _btxt _2rdacontent _3كتاب |
||
| 337 |
_aبدون وسيط _bn _2rdamedia |
||
| 338 |
_aمجلد _bnc _2rdacarrier |
||
| 504 | _aببليوجرافية : صفحة 213-220. | ||
| 650 | 7 |
_aالقضاء في الإسلام _2aucsh |
|
| 942 |
_2ddc _cBOOK _n0 |
||
| 949 |
_aSA-JeALM _d250416 _umohamedma123 _n1 |
||
| 999 |
_c7093 _d7093 |
||